000 00577nam a2200205Ia 4500
005 20260429112127.0
008 260429s9999||||xx |||||||||||||| ||und||
020 _a9789357467933
041 _aEnglish
082 _a615.1015
_bGIL
100 _aGilmore, Brendan F.
245 0 _aHugo and Russell's pharmaceutical microbiology :
_ban Indian adaptation /
_cBrendan F. Gilmore
250 _a9th ed.
260 _aNew Delhi :
_bWiley,
_c2024.
300 _axxii, 606 p.; pbk
650 _a Pharmacy
650 _aMicrobiology
700 _a Denyer, Stephen
942 _cTB
999 _c52484
_d52484